[Event "AUT-chT2W 1920"]
[Site "Austria"]
[Date "2020.03.07"]
[Round "10.5"]
[White "De Francesco, Klaus"]
[Black "Notegger, Peter"]
[Result "1/2-1/2"]
[WhiteElo "2276"]
[BlackElo "1931"]
[PlyCount "66"]
[EventDate "2019.10.04"]
[EventType "team-tourn"]
[EventRounds "11"]
[EventCountry "AUT"]
[SourceTitle "CBM 195 Extra"]
[Source "ChessBase"]
[SourceDate "2020.05.31"]
[SourceVersion "1"]
[SourceVersionDate "2020.05.31"]
[SourceQuality "1"]
[WhiteTeam "Absam"]
[BlackTeam "Wolfurt"]
[WhiteTeamCountry "AUT"]
[BlackTeamCountry "AUT"]

1. d4 d5 2. c4 e6 3. Nf3 Nf6 4. g3 Be7 5. Bg2 c6 6. b3 0-0 7. 0-0 b6 8. Bb2 Bb7 9. Nc3 Nbd7 10. Qc2 Rc8 11. Rad1 Qc7 12. e4 dxe4 13. Nxe4 Nxe4 14. Qxe4 Nf6 15. Qe2 Rcd8 16. Rfe1 Rfe8 17. Qc2 h6 18. a3 c5 19. dxc5 Qxc5 20. b4 Qc8 21. Rc1 Qa8 22. Nh4 Rd7 23. Bh3 Ne4 24. Rcd1 Rxd1 25. Rxd1 Bxh4 26. gxh4 Rd8 27. Bg2 Rxd1+ 28. Qxd1 Qf8 29. Qe2 Nd6 30. c5 Bxg2 31. cxd6 Bc6 32. Qg4 Bd7 33. Qd4 f6 1/2-1/2

[Event "Styrian op-A"]
[Site "Bad Gleichenberg"]
[Date "2013.07.09"]
[Round "4"]
[White "Notegger, Peter"]
[Black "Schweitzer, Werner"]
[Result "0-1"]
[WhiteElo "1941"]
[BlackElo "2049"]
[PlyCount "48"]
[EventDate "2013.07.06"]
[EventType "swiss"]
[EventRounds "9"]
[EventCountry "AUT"]
[SourceTitle "CBM 155 Extra"]
[Source "ChessBase"]
[SourceDate "2013.08.26"]
[SourceVersion "1"]
[SourceVersionDate "2013.08.26"]
[SourceQuality "1"]

1. e4 c6 2. d4 d5 3. Nc3 dxe4 4. Nxe4 Nd7 5. Bc4 Ngf6 6. Ng5 e6 7. Qe2 Nb6 8. c3 Nxc4 9. Qxc4 Bd6 10. Qd3 0-0 11. Be3 Qa5 12. N1f3 h6 13. h4 b6 14. Bd2 Ba6 15. Qc2 Rfe8 16. c4 Qf5 17. Qa4 Bb7 18. 0-0-0 hxg5 19. hxg5 Ng4 20. Nh4 Qd3 21. Rh3 b5 22. Qa5 Qxc4+ 23. Kb1 Nxf2 24. Rc1 Qxd4 0-1

[Event "Oberwart op"]
[Site "Oberwart"]
[Date "2011.07.09"]
[Round "1"]
[White "Notegger, Peter"]
[Black "Antal, Tibor Kende"]
[Result "0-1"]
[WhiteElo "1967"]
[BlackElo "2256"]
[PlyCount "50"]
[EventDate "2011.07.09"]
[EventType "swiss"]
[EventRounds "9"]
[EventCountry "AUT"]
[SourceTitle "CBM 143 Extra"]
[Source "ChessBase"]
[SourceDate "2011.08.29"]
[SourceVersion "1"]
[SourceVersionDate "2011.08.29"]
[SourceQuality "1"]

1. f4 Nf6 2. Nf3 d5 3. e3 c5 4. b3 Nc6 5. Bb5 a6 6. Bxc6+ bxc6 7. Ne5 Nd7 8. Bb2 Nxe5 9. fxe5 g6 10. 0-0 Bg7 11. d4 0-0 12. Nd2 f6 13. exf6 Bxf6 14. c3 cxd4 15. exd4 Qd6 16. Kh1 a5 17. a4 Ba6 18. Ba3 Qd7 19. Re1 Bh4 20. Re5 Rf2 21. Re1 Raf8 22. Rg1 Bg5 23. Bc1 Be2 24. Qe1 Qg4 25. h3 Qg3 0-1

[Event "Graz op-A"]
[Site "Graz"]
[Date "1999.??.??"]
[Round "8"]
[White "Notegger, Peter"]
[Black "Gruber, Gernot"]
[Result "0-1"]
[WhiteElo "1750"]
[BlackElo "1995"]
[PlyCount "52"]
[EventDate "1999.09.17"]
[EventType "swiss"]
[EventRounds "9"]
[EventCountry "AUT"]
[SourceTitle "EXT 2001"]
[Source "ChessBase"]
[SourceDate "2000.11.22"]
[SourceVersion "1"]
[SourceVersionDate "2000.11.22"]
[SourceQuality "1"]

1. f4 Nf6 2. Nf3 d6 3. b3 g6 4. Bb2 Bg7 5. e3 c5 6. Be2 0-0 7. 0-0 Nc6 8. a3 a6 9. Nc3 b5 10. h3 d5 11. Ne5 Bb7 12. Bf3 Nxe5 13. fxe5 Ne4 14. d4 Qb6 15. Kh2 Rac8 16. Bxe4 dxe4 17. Ne2 Rfd8 18. Qe1 cxd4 19. Bxd4 Qc7 20. Kh1 Qxc2 21. e6 f6 22. b4 Qb3 23. Bc5 f5 24. Rc1 Qxe6 25. Nf4 Qf7 26. Qe2 e5 0-1

[Event "AUT-chT 9596"]
[Site "Vorarlberg"]
[Date "1995.??.??"]
[Round "3"]
[White "Foerch, August"]
[Black "Notegger, Peter"]
[Result "1/2-1/2"]
[WhiteElo "1900"]
[BlackElo "1815"]
[PlyCount "116"]
[EventDate "1995.??.??"]
[EventType "team-tourn"]
[EventRounds "9"]
[EventCountry "AUT"]
[SourceTitle "EXT 1999"]
[Source "ChessBase"]
[SourceDate "1998.11.16"]
[SourceVersion "1"]
[SourceVersionDate "1998.11.16"]
[SourceQuality "1"]

1. d4 d5 2. Bf4 Nf6 3. e3 Bf5 4. Nf3 e6 5. Bd3 Bg6 6. Ne5 c5 7. c3 c4 8. Bxg6 hxg6 9. Qa4+ Nbd7 10. Nd2 Be7 11. Ndf3 Ne4 12. Nd2 g5 13. Bg3 Nxg3 14. fxg3 Bd6 15. Nxd7 Qxd7 16. Qxd7+ Kxd7 17. Ke2 f5 18. g4 Rh6 19. gxf5 exf5 20. g3 Rah8 21. Nf1 g4 22. Kf2 Be7 23. Rg1 Rb6 24. Rb1 a5 25. Rg2 a4 26. Ke1 Bg5 27. Re2 Rhh6 28. a3 Rb5 29. Rc1 Rbb6 30. Rcc2 Rhe6 31. Kf2 Re8 32. Re1 Rbe6 33. Rce2 Bh6 34. Rc2 g5 35. Ree2 f4 36. exf4 gxf4 37. Rxe6 Rxe6 38. gxf4 Bxf4 39. Ng3 Ke8 40. Kg2 Rh6 41. Rf2 Bc1 42. Ne2 Bxb2 43. Nf4 Bxc3 44. Nxd5 Bxd4 45. Rc2 Be5 46. Rxc4 Rxh2+ 47. Kf1 g3 48. Ne3 Kf8 49. Rxa4 Rd2 50. Rg4 Ra2 51. a4 b6 52. Nc4 Bc7 53. Nxb6 Bxb6 54. Rxg3 Rxa4 55. Rg6 Bd8 56. Ke2 Ra3 57. Rd6 Ke7 58. Rd3 Ra4 1/2-1/2

[Event "AUT-chT 9596"]
[Site "Vorarlberg"]
[Date "1995.??.??"]
[Round "2"]
[White "Laske, Erich"]
[Black "Notegger, Peter"]
[Result "1-0"]
[WhiteElo "2145"]
[BlackElo "1815"]
[PlyCount "25"]
[EventDate "1995.??.??"]
[EventType "team-tourn"]
[EventRounds "9"]
[EventCountry "AUT"]
[SourceTitle "EXT 1999"]
[Source "ChessBase"]
[SourceDate "1998.11.16"]
[SourceVersion "1"]
[SourceVersionDate "1998.11.16"]
[SourceQuality "1"]

1. Nf3 f5 2. d3 Nf6 3. e4 fxe4 4. dxe4 Nxe4 5. Bd3 Nf6 6. Ng5 d6 7. Nxh7 Qd7 8. Bg6+ Kd8 9. Ng5 Qb5 10. Nf7+ Kd7 11. Nxh8 Nc6 12. Qe2 Qb4+ 13. c3 1-0